[Event "ARC Young Masters 5th"]
[Site "Barnham, Bognor"]
[Date "1985.02.09"]
[Round "2"]
[White "Rogers, Ian"]
[Black "Crawley, Gavin"]
[Result "1-0"]
[WhiteElo "2485"]
[BlackElo "2295"]
[PlyCount "93"]
[EventDate "1985.02.08"]
[EventType "swiss"]
[EventRounds "6"]
[EventCountry "ENG"]
[SourceTitle "DB Rogers"]
[Source "Rogers,I"]
[SourceDate "2022.08.24"]
[SourceVersion "1"]
[SourceVersionDate "2022.08.26"]
[SourceQuality "1"]

1. d4 Nf6 2. c4 e6 3. g3 d5 4. Nf3 c6 5. Qc2 Be7 6. Bg2 b5 7. c5 O-O 8. O-O
Nbd7 9. Nbd2 Re8 10. b3 e5 11. Nxe5 Nxe5 12. dxe5 Nd7 13. Nf3 Bxc5 14. b4 Bxb4
15. Qxc6 Rb8 16. Rb1 a5 17. Rd1 Qb6 18. Qxd5 Nc5 19. a3 Be6 20. Qd6 Red8 21.
axb4 axb4 22. Be3 Rxd6 23. Rxd6 Qa7 24. Nd2 Rc8 25. Bc6 b3 26. Rc1 b2 27. Rxc5
Qa1+ 28. Kg2 b1=Q 29. Nxb1 Qxb1 30. f3 g6 31. Rxe6 fxe6 32. Be4 Rxc5 33. Bxb1
Rxe5 34. Kf2 b4 35. Bd4 Rd5 36. Ke3 Kf7 37. Kd3 Rh5 38. h4 g5 39. hxg5 Rxg5 40.
g4 h5 41. gxh5 Rxh5 42. Kc4 Rh4 43. Be4 Rh2 44. Bd3 Rh4 45. Kc5 b3 46. Bc4 Rh2
47. Kd6 1-0

[Event "ARC Young Masters 5th"]
[Site "Barnham, Bognor"]
[Date "1985.01.09"]
[Round "2.9"]
[White "Thomas, Ian"]
[Black "Johansen, Darryl Keith"]
[Result "0-1"]
[WhiteElo "2295"]
[BlackElo "2410"]
[PlyCount "144"]
[EventDate "1985.02.08"]
[EventType "swiss"]
[EventRounds "6"]
[EventCountry "ENG"]
[SourceTitle "DB Johansen AWOL"]
[SourceDate "2012.09.29"]
[SourceVersion "1"]
[SourceVersionDate "2023.01.25"]
[SourceQuality "1"]

1. d4 Nf6 2. Nf3 e6 3. Nbd2 c5 4. e3 d5 5. b3 Nc6 6. Bb2 Bd6 7. Bd3 O-O 8. O-O
Qe7 9. c4 cxd4 10. exd4 b6 11. Re1 Bb7 12. a3 Rfd8 13. Qc2 Rac8 14. Ne5 dxc4
15. bxc4 b5 16. Ne4 Bxe5 17. dxe5 Nxe4 18. Rxe4 Na5 19. Rg4 h5 20. Rg3 Nxc4 21.
Bxc4 Rxc4 22. Qe2 h4 23. Rg4 h3 24. gxh3 Rdc8 25. Qe3 Qd8 26. Rf1 Rxg4+ 27.
hxg4 Rc2 28. Bd4 Qd5 29. f3 Rc4 30. Bxa7 Rxg4+ 31. Kh1 Rc4 32. Kg2 Qd8 33. h3
Qh4 34. Rf2 Rf4 35. Qc3 Rf5 36. Be3 Rh5 37. Kf1 Qxh3+ 38. Ke2 Rf5 39. Bd4 Qh1
40. Qd3 Bd5 41. Qxb5 Bxf3+ 42. Kd2 Qd1+ 43. Kc3 Qc1+ 44. Kb4 Qe1+ 45. Kc5 Rxe5+
46. Bxe5 Qxf2+ 47. Bd4 Qc2+ 48. Kb6 Qe4 49. Qd7 Qd5 50. Qc8+ Kh7 51. Qc2+ f5
52. Qh2+ Kg6 53. Qg3+ Bg4 54. Qc3 Qd6+ 55. Ka5 Qd8+ 56. Kb4 Qe7+ 57. Bc5 Qb7+
58. Ka5 Qc7+ 59. Kb4 e5 60. a4 Qb7+ 61. Ka5 Qd5 62. Kb6 Bf3 63. Qc1 Qb7+ 64.
Ka5 f4 65. Qg1+ Kf5 66. Bb6 g5 67. Qb1+ Qe4 68. Qc1 Qc6 69. Qb1+ Be4 70. Qb4
Qa8+ 71. Kb5 Bd3+ 72. Kc5 Qf8+ 0-1

[Event "ARC Young Masters 5th"]
[Site "Barnham, Bognor"]
[Date "1985.02.09"]
[Round "3"]
[White "Rogers, Ian"]
[Black "Hodgson, Julian M"]
[Result "1/2-1/2"]
[WhiteElo "2485"]
[BlackElo "2455"]
[PlyCount "97"]
[EventDate "1985.02.08"]
[EventType "swiss"]
[EventRounds "6"]
[EventCountry "ENG"]
[SourceTitle "DB Rogers"]
[Source "Rogers,I"]
[SourceDate "2022.08.24"]
[SourceVersion "1"]
[SourceVersionDate "2022.08.26"]
[SourceQuality "1"]

1. d4 Nf6 2. c4 c5 3. d5 e6 4. Nc3 exd5 5. cxd5 d6 6. e4 g6 7. Nf3 Bg7 8. Be2
Bg4 9. O-O O-O 10. Bf4 Bxf3 11. Bxf3 Ne8 12. Qd2 Nd7 13. Be2 a6 14. a4 Qa5 15.
Rab1 Rb8 16. Rfc1 Ne5 17. Qc2 Kh8 18. Bd2 Qd8 19. b4 Nd7 20. Nd1 Qe7 21. Ne3
Rc8 22. b5 axb5 23. Bxb5 Ra8 24. Nc4 Ne5 25. Nb6 Rd8 26. h3 Nf6 27. Re1 Nfd7
28. Bf1 g5 29. Be2 Qf6 30. Nxd7 Rxd7 31. Rb3 Qg6 32. Reb1 h5 33. Rg3 Bh6 34. h4
f6 35. f4 Nf7 36. f5 Qh7 37. Bxh5 gxh4 38. Bg6 Qg7 39. Bxh6 Qxh6 40. Rgb3 Ne5
41. Rxb7 Qe3+ 42. Qf2 Rxb7 43. Rxb7 Qc1+ 44. Qf1 Qe3+ 45. Kh1 Qxe4 46. Qf2 Kg8
47. Bh7+ Kh8 48. Bg6 Kg8 49. Bh7+ 1/2-1/2

[Event "ARC Young Masters 5th"]
[Site "Barnham, Bognor"]
[Date "1985.02.09"]
[Round "3.7"]
[White "Johansen, Darryl Keith"]
[Black "Spraggett, Kevin"]
[Result "0-1"]
[WhiteElo "2410"]
[BlackElo "2560"]
[Annotator "Johansen,D"]
[PlyCount "76"]
[EventDate "1985.02.08"]
[EventType "swiss"]
[EventRounds "6"]
[EventCountry "ENG"]
[SourceTitle "DB Johansen AWOL"]
[SourceDate "2012.09.29"]
[SourceVersion "1"]
[SourceVersionDate "2023.01.25"]
[SourceQuality "1"]

1. d4 Nf6 2. Nf3 g6 3. c4 Bg7 4. Nc3 O-O 5. e4 d6 6. Be2 e5 7. d5 Nbd7 8. O-O
Nc5 9. Qc2 a5 10. Bg5 h6 11. Be3 b6 (11... Ng4 12. Bxc5 dxc5 13. h3 Nf6 14.
Nxe5 Nxd5 15. cxd5 Bxe5 16. f4 {is the alternative.}) 12. Nd2 Bg4 13. f3 Bd7
14. Rfe1 Nh5 15. b3 Nf4 16. Bf1 f5 17. a3 fxe4 18. Ncxe4 g5 19. b4 Nxe4 20.
fxe4 axb4 21. axb4 Rxa1 22. Rxa1 g4 23. Qd1 h5 24. c5 bxc5 25. bxc5 Be8 26. Ra7
Bg6 27. Qb3 Qh4 28. g3 Nh3+ 29. Bxh3 Qxh3 30. Qd3 h4 31. Bg5 Rf2 $5 {I gave it
an ! after the game.} 32. Kxf2 Qxh2+ 33. Ke1 hxg3 34. Be3 g2 35. Rxc7 (35. Qa6
g1=Q+ 36. Nf1 $4 {A ridiculous move!!} (36. Bxg1 Qxg1+ 37. Nf1 Kh7 38. Qa3 $11)
36... Qhg3+ 37. Kd1 Qf3+ {Source: Darryl Johansen}) 35... Bh6 36. Qa6 g1=Q+ 37.
Nf1 Qhg3+ 38. Kd1 Qf3+ {Source: BCM, April 1985, p164} 0-1

[Event "ARC Young Masters 5th"]
[Site "Barnham, Bognor"]
[Date "1985.02.09"]
[Round "4"]
[White "McNab, Colin Anderson"]
[Black "Rogers, Ian"]
[Result "0-1"]
[WhiteElo "2395"]
[BlackElo "2485"]
[PlyCount "78"]
[EventDate "1985.02.08"]
[EventType "swiss"]
[EventRounds "6"]
[EventCountry "ENG"]
[SourceTitle "DB Rogers"]
[Source "Rogers,I"]
[SourceDate "2022.08.24"]
[SourceVersion "1"]
[SourceVersionDate "2022.08.26"]
[SourceQuality "1"]

1. c4 Nf6 2. Nf3 g6 3. g3 Bg7 4. Bg2 O-O 5. O-O d5 6. cxd5 Nxd5 7. Nc3 Nb6 8.
d3 Nc6 9. Bg5 h6 10. Be3 e5 11. a4 a5 12. Nb5 Re8 13. Rc1 Nd5 14. Bc5 Be6 15.
e4 Ndb4 16. d4 exd4 17. Nfxd4 Nxd4 18. Bxd4 Bxd4 19. Qxd4 Qxd4 20. Nxd4 c6 21.
Nxe6 fxe6 22. Rfd1 Rad8 23. Bf1 Kf8 24. Bc4 Ke7 25. e5 g5 26. f4 gxf4 27. gxf4
Rf8 28. Rxd8 Rxd8 29. Kf2 Rd2+ 30. Ke3 Rxb2 31. Rg1 b5 32. axb5 cxb5 33. Bf1
Nd5+ 34. Kd4 Rb1 35. f5 Rd1+ 36. Kc5 exf5 37. Rg7+ Ke6 38. Bxb5 Kxe5 39. Bc4
Ne3 0-1

[Event "ARC Young Masters 5th"]
[Site "Barnham, Bognor"]
[Date "1985.02.09"]
[Round "4.9"]
[White "Watts, David"]
[Black "Johansen, Darryl Keith"]
[Result "0-1"]
[WhiteElo "2250"]
[BlackElo "2410"]
[Annotator "Johansen,Darryl"]
[PlyCount "78"]
[EventDate "1985.02.08"]
[EventType "swiss"]
[EventRounds "6"]
[EventCountry "ENG"]
[SourceTitle "DB Johansen AWOL"]
[SourceDate "2012.09.29"]
[SourceVersion "1"]
[SourceVersionDate "2023.01.25"]
[SourceQuality "1"]

1. e4 e6 2. d4 d5 3. Nc3 Bb4 4. e5 b6 5. f4 {I feel this move is naive here. A
number of players have played it on me.} Qd7 6. Nf3 Ne7 7. Bd2 Bxc3 $5 {
Also an idea I've used with success.} (7... Ba6 8. Ne2 Bxd2+ 9. Qxd2 {Black is
fine,but I want the two knights against knight and bishop scenario.}) 8. Bxc3
c5 9. b3 Ba6 10. Bxa6 Nxa6 11. O-O Rc8 12. Qe2 cxd4 13. Bxd4 Nb4 {Often this
knight goes to b8 (not c7), but here there are two options.} (13... Nc5 {
also meets the mark and may well be the better choice.} 14. Rad1 Qb7 15. c4 O-O
) 14. c3 Nbc6 15. Rac1 {Passive.} O-O 16. Qd3 Ng6 {Taunting to create a
weakness.} 17. g3 {White duly obliges.} Rc7 18. Rc2 Rfc8 19. Rfc1 h6 20. Kf2
Qe7 21. Qe3 Nf8 22. g4 Nd7 23. Rg1 Nxd4 24. Qxd4 Nc5 {So it gets back there!}
25. Rgc1 Ne4+ 26. Kg2 b5 27. Nd2 Qc5 $1 28. Qxc5 (28. Nf3) 28... Nxc5 29. Rf1
Nd3 $19 30. Nb1 g5 $1 31. fxg5 hxg5 32. Re2 Nf4+ 33. Rxf4 gxf4 34. Kf3 b4 35.
Kxf4 bxc3 36. Rc2 d4 37. Ke4 Rd8 38. Kd3 Rc5 39. Re2 Rdd5 0-1

[Event "ARC Young Masters 5th"]
[Site "Barnham, Bognor"]
[Date "1985.02.10"]
[Round "5"]
[White "Conquest, Stuart"]
[Black "Rogers, Ian"]
[Result "1-0"]
[WhiteElo "2350"]
[BlackElo "2485"]
[PlyCount "81"]
[EventDate "1985.02.08"]
[EventType "swiss"]
[EventRounds "6"]
[EventCountry "ENG"]
[SourceTitle "DB Rogers"]
[Source "Rogers,I"]
[SourceDate "2022.08.24"]
[SourceVersion "1"]
[SourceVersionDate "2022.08.26"]
[SourceQuality "1"]

1. d4 Nf6 2. Nf3 e6 3. e3 c5 4. Bd3 b6 5. O-O Bb7 6. b3 cxd4 7. exd4 Be7 8. Bb2
O-O 9. Re1 d6 10. a3 Nbd7 11. c4 Re8 12. b4 Nf8 13. Nc3 Ng6 14. d5 e5 15. g3
Nd7 16. h4 Ngf8 17. h5 g6 18. Bc2 f5 19. Bb3 Rc8 20. Nb5 Ra8 21. Ng5 a6 22. Ne6
Nxe6 23. dxe6 Nf6 24. Nc3 Nxh5 25. Nd5 Rc8 26. Rc1 Ng7 27. f4 Nxe6 28. fxe5
dxe5 29. Rxe5 Bd6 30. Rxf5 gxf5 31. Nf6+ Kf8 32. Nxh7+ Kg8 33. Qh5 Bc5+ 34.
bxc5 Nd4 35. Qg6+ Kh8 36. Ng5 Rc7 37. cxb6 Rg7 38. Qh6+ Kg8 39. c5+ Bd5 40.
Bxd4 Ree7 41. Bxg7 {Sources: Ian Rogers; BCM, April 1985, p164} 1-0

[Event "ARC Young Masters 5th"]
[Site "Barnham, Bognor"]
[Date "1985.02.10"]
[Round "5"]
[White "Johansen, Darryl Keith"]
[Black "Gallagher, Joseph G"]
[Result "1-0"]
[WhiteElo "2410"]
[BlackElo "2370"]
[Annotator "Johansen,D"]
[PlyCount "49"]
[EventDate "1985.02.08"]
[EventType "swiss"]
[EventRounds "6"]
[EventCountry "ENG"]
[SourceTitle "DB Rogers' Johansen"]
[SourceDate "2012.09.29"]
[SourceVersion "1"]
[SourceVersionDate "2022.09.22"]
[SourceQuality "1"]

1. d4 Nf6 2. Nf3 g6 3. Nc3 d5 4. Bf4 Bg7 5. e3 Bf5 {This is not the
highest-scoring choice for Black.} (5... O-O) 6. h3 O-O 7. g4 $5 {A novelty.} (
7. Bd3 {Features in the only previous game here, Marshall-Ed.Lasker,New York
1924!}) 7... Bc8 $2 {All the way home!} (7... Be4 {would be my almost-instant
choice.} 8. Nxe4 dxe4 9. Nd2 c5 $5) (7... Be6 8. Ne5 (8. Ng5 Bd7 9. Bg2 {
Houdini.}) 8... Nbd7 9. Be2 {with the usual h4 ideas.}) 8. Be2 c6 9. Ne5 Nbd7
10. Qd2 Ne8 (10... Nxe5) 11. Nxd7 Qxd7 $6 (11... Bxd7) 12. h4 Nd6 $6 (12... h6
$1) 13. h5 b5 14. f3 a5 $16 {Houdini likes Black's play, but it rates it as...}
15. Bd3 Nc4 16. Bxc4 bxc4 17. hxg6 hxg6 $2 {No good. What do they say?
Positionally desireable but tactically unsound!} (17... fxg6 18. Qh2 h6 19.
Bxh6 e5 20. dxe5 Rxf3 21. O-O-O $16) 18. Qh2 $18 f6 19. Qh7+ Kf7 20. Rh6 g5 21.
Qg6+ Kg8 22. Rh7 e5 23. O-O-O {There is a trick.} Rf7 (23... Qf7 24. Rh8+ $1)
24. Rdh1 Kf8 25. Rxg7 1-0

[Event "ARC Young Masters 5th"]
[Site "Barnham, Bognor"]
[Date "1985.02.10"]
[Round "6"]
[White "Howell, James C"]
[Black "Johansen, Darryl Keith"]
[Result "0-1"]
[WhiteElo "2370"]
[BlackElo "2410"]
[PlyCount "82"]
[EventDate "1985.02.08"]
[EventType "swiss"]
[EventRounds "6"]
[EventCountry "ENG"]
[SourceTitle "DB Johansen 2"]
[Source "Johansen,D"]
[SourceDate "2012.09.29"]
[SourceVersion "1"]
[SourceVersionDate "2022.12.19"]
[SourceQuality "1"]

1. e4 e6 2. d4 d5 3. Nd2 Nc6 4. Ngf3 Nf6 5. e5 Nd7 6. Be2 f6 7. exf6 Nxf6 8.
O-O Bd6 9. c4 O-O 10. c5 Be7 11. Bb5 Bd7 12. Qe2 Nh5 13. Bxc6 Nf4 14. Qe3 Bxc6
15. g3 Ng6 16. Qxe6+ Kh8 17. Re1 Bf6 18. Nb3 Re8 19. Qf5 Rxe1+ 20. Nxe1 a5 21.
Be3 Ne7 22. Qf3 Qd7 23. Rd1 Nf5 24. Ng2 b6 25. cxb6 cxb6 26. Nf4 Rf8 27. Qg4
Re8 28. Qf3 g6 29. Nc1 Qe7 30. Rd3 Qb4 31. Rc3 Qd6 32. Nce2 Bb5 33. Qxd5 Qb4
34. Qf7 Bg7 35. a3 Qxb2 36. Rb3 Qa1+ 37. Kg2 Rf8 38. Qe6 Bxe2 39. Nxe2 Qd1 40.
Nc3 Nxe3+ 41. fxe3 Qf1# 0-1

[Event "ARC Young Masters 5th"]
[Site "Barnham, Bognor"]
[Date "1985.02.10"]
[Round "6"]
[White "Rogers, Ian"]
[Black "Bellin, Robert"]
[Result "1-0"]
[WhiteElo "2485"]
[BlackElo "2390"]
[PlyCount "79"]
[EventDate "1985.02.08"]
[EventType "swiss"]
[EventRounds "6"]
[EventCountry "ENG"]
[SourceTitle "DB Rogers"]
[Source "Rogers,I"]
[SourceDate "2022.08.24"]
[SourceVersion "1"]
[SourceVersionDate "2022.08.26"]
[SourceQuality "1"]

1. d4 Nf6 2. c4 e6 3. g3 c5 4. Nf3 cxd4 5. Nxd4 d5 6. Bg2 e5 7. Nb3 d4 8. O-O
Nc6 9. f4 e4 10. f5 a5 11. Bg5 a4 12. N3d2 e3 13. Ne4 Be7 14. Bxf6 Bxf6 15. Na3
Be5 16. c5 O-O 17. Nc4 f6 18. Ned6 Ra6 19. Nxe5 fxe5 20. Bd5+ Kh8 21. Nf7+ Rxf7
22. Bxf7 Qe7 23. Be6 Bxe6 24. fxe6 Nd8 25. b4 axb3 26. axb3 Rxe6 27. Ra8 g6 28.
b4 Kg7 29. b5 Nf7 30. c6 bxc6 31. b6 Nd6 32. Ra7 Nb7 33. Qd3 Rd6 34. Qe4 Kh6
35. Rxb7 Qxb7 36. Qxe5 Rd5 37. Qf4+ g5 38. Qf8+ Kh5 39. Qe8+ Kg4 40. Kg2 1-0

[Event "ARC Young Masters 5th"]
[Site "Barnham, Bognor"]
[Date "1985.02.10"]
[Round "6"]
[White "Spraggett, Kevin"]
[Black "Short, Nigel D"]
[Result "1/2-1/2"]
[WhiteElo "2560"]
[BlackElo "2535"]
[PlyCount "43"]
[EventDate "1985.02.08"]
[EventType "swiss"]
[EventRounds "6"]
[EventCountry "ENG"]

1. c4 Nf6 2. Nc3 c5 3. Nf3 e6 4. g3 b6 5. Bg2 Bb7 6. O-O Be7 7. d4 cxd4 8. Qxd4
d6 9. Bg5 a6 10. Bxf6 Bxf6 11. Qf4 Bxf3 12. Bxf3 Ra7 13. Rfd1 Rd7 14. Qd2 O-O
15. Rac1 Qc7 16. b3 Rc8 17. a4 Qd8 18. e3 Nc6 19. Na2 Ne7 20. Nb4 a5 21. Na2 d5
22. Nc3 1/2-1/2

[Event "ARC Young Masters 5th"]
[Site "Barnham, Bognor"]
[Date "1985.02.??"]
[Round "?"]
[White "Hebden, Mark"]
[Black "Short, Nigel D"]
[Result "1/2-1/2"]
[WhiteElo "2480"]
[BlackElo "2535"]
[PlyCount "34"]
[EventDate "1985.02.08"]
[EventType "swiss"]
[EventRounds "6"]
[EventCountry "ENG"]

1. e4 e6 2. Nc3 d5 3. d4 Bb4 4. e5 b6 5. Bd2 Qd7 6. Nf3 Ne7 7. Nb5 Bxd2+ 8.
Qxd2 Bb7 9. Bd3 h6 10. O-O a6 11. Nc3 c5 12. Rfe1 Qc7 13. Qf4 f5 14. h4 Nd7 15.
h5 O-O-O 16. a4 Nc6 17. Bb5 axb5 1/2-1/2

[Event "ARC Young Masters 5th"]
[Site "Barnham, Bognor"]
[Date "1985.02.??"]
[Round "?"]
[White "Short, Nigel D"]
[Black "Hartston, William R"]
[Result "1-0"]
[WhiteElo "2535"]
[BlackElo "2430"]
[PlyCount "79"]
[EventDate "1985.02.08"]
[EventType "swiss"]
[EventRounds "6"]
[EventCountry "ENG"]

1. e4 c5 2. Nf3 e6 3. d4 cxd4 4. Nxd4 Nc6 5. Nb5 d6 6. c4 Nf6 7. N1c3 a6 8. Na3
Be7 9. Be2 b6 10. O-O O-O 11. Be3 Bd7 12. Qd2 Qb8 13. f3 Ra7 14. Rfd1 Rb7 15.
Rac1 Rd8 16. Qe1 Ne5 17. Qf1 Be8 18. Kh1 Ng6 19. Rd2 d5 20. exd5 exd5 21. Nxd5
Nxd5 22. cxd5 b5 23. f4 Bd6 24. g3 Rc7 25. Rxc7 Qxc7 26. Nc2 Ne7 27. Bf3 Nf5
28. Bf2 Bd7 29. Qd3 g6 30. Kg2 h5 31. Nd4 Qc1 32. Be4 h4 33. Nxf5 gxf5 34. Bf3
hxg3 35. hxg3 Rc8 36. Bd4 Kh7 37. Bd1 Rg8 38. Kf3 f6 39. Rc2 Qa1 40. b3 1-0

[Event "ARC Young Masters 5th"]
[Site "Barnham, Bognor"]
[Date "1985.02.??"]
[Round "?"]
[White "Short, Nigel D"]
[Black "Watson, William"]
[Result "1/2-1/2"]
[WhiteElo "2535"]
[BlackElo "2460"]
[PlyCount "127"]
[EventDate "1985.02.08"]
[EventType "swiss"]
[EventRounds "6"]
[EventCountry "ENG"]

1. e4 c5 2. Nf3 d6 3. d4 cxd4 4. Nxd4 Nf6 5. Nc3 g6 6. Be3 Bg7 7. f3 O-O 8. Qd2
Nc6 9. g4 Be6 10. O-O-O Nxd4 11. Bxd4 Qa5 12. a3 Rab8 13. h4 b5 14. Nd5 Qxd2+
15. Rxd2 Bxd5 16. exd5 Rfc8 17. Bh3 Rc7 18. b3 b4 19. Kb2 Rb5 20. axb4 Rxd5 21.
c3 e5 22. Be3 e4 23. g5 Rxd2+ 24. Bxd2 Nd5 25. fxe4 Nxc3 26. Bxc3 Bxc3+ 27. Ka3
Rb7 28. Bf1 Bxb4+ 29. Ka4 Be1 30. Bc4 Bg3 31. Rh3 Bf2 32. Rh2 Be1 33. Rh1 Bf2
34. Rh2 Bg3 35. Rh3 Be5 36. Rf3 Kg7 37. Ka5 f6 38. Ka6 Rc7 39. Rf1 h6 40. gxf6+
Bxf6 41. h5 gxh5 42. Be6 h4 43. b4 Be5 44. b5 Kg6 45. Rf8 Bg3 46. Rf3 Re7 47.
Bc8 h5 48. Rf1 Rf7 49. Rxf7 Kxf7 50. Kxa7 Kf6 51. b6 Bf2 52. Ka6 Bxb6 53. Kxb6
Ke5 54. Kc6 Kxe4 55. Kxd6 Kf4 56. Kd5 Kg3 57. Ke4 h3 58. Ke3 h4 59. Ke2 Kg2 60.
Bb7+ Kg1 61. Ba8 h2 62. Bh1 Kxh1 63. Kf2 h3 64. Kf1 1/2-1/2

[Event "ARC Young Masters 5th"]
[Site "Barnham, Bognor"]
[Date "1985.02.??"]
[Round "?"]
[White "Speelman, Jonathan S"]
[Black "Howell, James C"]
[Result "1-0"]
[WhiteElo "2530"]
[BlackElo "2370"]
[PlyCount "77"]
[EventDate "1985.02.08"]
[EventType "swiss"]
[EventRounds "6"]
[EventCountry "ENG"]

1. d4 Nf6 2. c4 g6 3. Nc3 Bg7 4. e4 d6 5. Nge2 O-O 6. Ng3 c6 7. Be2 Nbd7 8. h4
a6 9. h5 e5 10. Be3 exd4 11. Bxd4 b5 12. Qd2 b4 13. Nd1 Re8 14. hxg6 fxg6 15.
b3 a5 16. Ne3 c5 17. Bb2 Bb7 18. f3 a4 19. bxa4 Nb6 20. Ngf5 gxf5 21. Nxf5 Qc7
22. Qg5 Re7 23. Rh6 Rf8 24. O-O-O Kh8 25. Rxh7+ Kxh7 26. Rh1+ Kg8 27. Nh6+ Kh8
28. Qg6 Nh5 29. Nf7+ Kg8 30. Qxh5 Re5 31. Bxe5 dxe5 32. Nh6+ Bxh6+ 33. Qxh6 Qg7
34. Qxb6 Qxg2 35. Qh6 Rf6 36. Qh8+ Kf7 37. Rh7+ Ke6 38. Qe8+ Kd6 39. Qd7# {
Source: BCM, April 1985, p164} 1-0